Type Countries by Clicking! - Statistics

General Stats
  • This quiz has been taken 101 times
  • The average score is 70 of 91
Answer Stats
Hint Answer % Correct
MEXICO M
99%
. E
91%
. C
88%
. O
88%
. I
87%
VENEZUELA V
87%
. X
87%
. E
86%
. N
86%
. E
85%
BURKINA FASO B
83%
. H
83%
. F
82%
LESOTHO L
82%
. A
81%
. E
81%
. I
81%
. K
81%
. L
81%
. N
81%
. O
81%
. R
81%
SOUTH AFRICA S
81%
. U
81%
. U
81%
. Z
81%
. A
79%
AUSTRIA A
79%
. A
79%
. E
79%
. O
79%
. S
79%
. T
79%
. A
78%
. A
78%
. G
78%
PARAGUAY P
78%
. R
78%
. S
78%
. S
78%
. U
78%
. A
77%
. A
77%
. A
77%
. A
77%
. H
77%
. I
77%
JAPAN J
77%
. O
77%
. O
77%
. R
77%
SWITZERLAND S
77%
. T
77%
. T
77%
. U
77%
. U
77%
. Y
77%
. A
76%
. A
76%
. F
76%
. I
76%
. P
76%
. C
74%
. N
74%
. R
74%
. T
74%
. A
73%
. D
73%
. L
73%
. N
73%
. R
73%
. W
73%
. E
72%
. I
72%
. Z
72%
EQUATORIAL GUINEA E
71%
. Q
71%
. A
67%
. T
67%
. U
67%
. L
65%
. O
65%
. R
64%
. A
63%
. G
63%
. I
63%
. N
63%
. U
63%
. E
62%
. I
62%
. A
59%
No matching quizzes found
Score Distribution
Percent of People with Each Score
Percentile by Number Answered
Your Score History
You have not taken this quiz